Essential fishing : everything you need to keep ... Read More
Available copies
- 3 of 3 copies available at LARL/NWRL Consortium.
Current holds
0 current holds with 3 total copies.
Show Only Available Copies
| Location | Call Number / Copy Notes | Barcode | Shelving Location | Status | Due Date |
|---|---|---|---|---|---|
| Red Lake Falls Public Library | 799.1 GAR (Text) | 35500004011399 | Main | Available | - |
| Roseau Public Library | 799.1 GAR (Text) | 35500003968888 | Main | Available | - |
| Thief River Falls Public Library | 799.1 GAR (Text) | 35500004081863 | Main | Available | - |
Record details
- ISBN: 1598691287
- ISBN: 9781598691283
- Physical Description: xii, 289 p. ; 24 cm.
- Publisher: Avon, Mass. : Adams Media Corp., c2006.
Content descriptions
| General Note: | Includes index. |
| Formatted Contents Note: | The World of fishing -- Choosing a fish -- Ways to ... Read More |
Search for related items by subject
| Subject: | Fishing |
| LDR | 01356cam a2200205Ia 4500 | ||
|---|---|---|---|
| 001 | 76025 | ||
| 003 | LARL_NWRL_CONSORTIUM | ||
| 020 | . | ‡a1598691287 | |
| 020 | . | ‡a9781598691283 | |
| 100 | 1 | . | ‡aGarrison, Ronnie. ‡0(LARL_NWRL_CONSORTIUM)189586 |
| 245 | 1 | 0. | ‡aEssential fishing : ‡beverything you need to keep catch the big one / ‡cRonnie Garrison. |
| 260 | . | ‡aAvon, Mass. : ‡bAdams Media Corp., ‡cc2006. | |
| 300 | . | ‡axii, 289 p. ; ‡c24 cm. | |
| 500 | . | ‡aIncludes index. | |
| 505 | 0 | . | ‡aThe World of fishing -- Choosing a fish -- Ways to fish -- Choosing a rod -- Choosing a reel -- Make the connection -- Where to buy fishing equipment -- Tying one on -- Terminal tackle -- Live bait -- Prepared bait -- Artificial bait -- Where to fish -- You got a bite -- Landing and handling your fish -- Cleaning and cooking your catch -- Angling laws and etiquette --- Boats and motors -- Fly-fishing -- When to go fishing -- Fishing clubs and guides. |
| 650 | 0. | ‡aFishing ‡0(LARL_NWRL_CONSORTIUM)20294 | |
| 901 | . | ‡a76025 ‡bISxN ‡c76025 ‡tbiblio | |

Add to basket
Permalink
Disable Highlighting